Влияние М-компонентов наземного грозового разряда на процесс зажигания лиственного дерева; Пожаровзрывобезопасность; Т. 20, № 2

Bibliografske podrobnosti
Parent link:Пожаровзрывобезопасность.— , 1992-
Т. 20, № 2.— 2011.— [С. 15-20]
Glavni avtor: Барановский Н. В. Николай Викторович
Drugi avtorji: Кузнецов Г. В. Гений Владимирович
Izvleček:Заглавие с экрана
На основе одномерной двухслойной физико-математической модели зажигания дерева лиственной породы (березы) проведена оценка влияния М-компонентов наземного грозового разряда на процесс зажигания. Задача решена в цилиндрической системе координат. Рассмотрены типичные наземные грозовые разряды. Оценка влияния М-компонентов на процесс зажигания лиственного дерева проведена для типичного диапазона изменения их характеристик.
The estimation of influence of M-components of ground lightning discharge is lead on the basis of one-dimensional two-layer physical and mathematical model of deciduous tree (birch) ignition. The problem is solved in cylindrical system of coordinates. Typical ground lightning discharges are considered. The estimation of influence of M-compo-nents is lead for a typical range of change of their characteristics.
Режим доступа: по договору с организацией-держателем ресурса
Jezik:ruščina
Izdano: 2011
Teme:
Online dostop:http://elibrary.ru/item.asp?id=16902942
Format: MixedMaterials Elektronski Book Chapter
KOHA link:https://koha.lib.tpu.ru/cgi-bin/koha/opac-detail.pl?biblionumber=640546

MARC

LEADER 00000naa0a2200000 4500
001 640546
005 20250305130455.0
035 |a (RuTPU)RU\TPU\network\5105 
035 |a RU\TPU\network\5100 
090 |a 640546 
100 |a 20150420d2011 k||y0rusy50 ca 
101 0 |a rus 
102 |a RU 
135 |a drcn ---uucaa 
181 0 |a i  
182 0 |a b 
200 1 |a Влияние М-компонентов наземного грозового разряда на процесс зажигания лиственного дерева  |d Influence of ground lightning discharge M-Components on process of deciduous tree ignition  |f Н. В. Барановский, Г. В. Кузнецов 
203 |a Текст  |c электронный 
300 |a Заглавие с экрана 
320 |a [Библиогр.: с. 20 (16 назв.)] 
330 |a На основе одномерной двухслойной физико-математической модели зажигания дерева лиственной породы (березы) проведена оценка влияния М-компонентов наземного грозового разряда на процесс зажигания. Задача решена в цилиндрической системе координат. Рассмотрены типичные наземные грозовые разряды. Оценка влияния М-компонентов на процесс зажигания лиственного дерева проведена для типичного диапазона изменения их характеристик. 
330 |a The estimation of influence of M-components of ground lightning discharge is lead on the basis of one-dimensional two-layer physical and mathematical model of deciduous tree (birch) ignition. The problem is solved in cylindrical system of coordinates. Typical ground lightning discharges are considered. The estimation of influence of M-compo-nents is lead for a typical range of change of their characteristics. 
333 |a Режим доступа: по договору с организацией-держателем ресурса 
461 |t Пожаровзрывобезопасность  |d 1992- 
463 |t Т. 20, № 2  |v [С. 15-20]  |d 2011 
510 1 |a Influence of ground lightning discharge M-Components on process of deciduous tree ignition  |z eng 
610 1 |a электронный ресурс 
610 1 |a труды учёных ТПУ 
610 1 |a горение 
610 1 |a пожарная безопасность 
610 1 |a древесина 
610 1 |a моделирование 
610 1 |a зажигание 
610 1 |a грозовые заряды 
610 1 |a лиственные породы 
610 1 |a ignition 
610 1 |a lightning discharge 
700 1 |a Барановский  |b Н. В.  |c специалист в области теплотехники  |c доцент Томского политехнического университета, кандидат физико-математических наук  |f 1978-  |g Николай Викторович  |3 (RuTPU)RU\TPU\pers\30197  |9 14591 
701 1 |a Кузнецов  |b Г. В.  |c специалист в области теплоэнергетики  |c профессор Томского политехнического университета, доктор физико-математических наук  |f 1949-  |g Гений Владимирович  |3 (RuTPU)RU\TPU\pers\25528  |9 11458 
801 2 |a RU  |b 63413507  |c 20150420  |g RCR 
856 4 |u http://elibrary.ru/item.asp?id=16902942 
942 |c CF